Wimbledon 2024: Pays d'origine des joueurs et joueuses - Statistiques

Statistiques générales
  • Ce quiz a été pris 132 fois
  • Le résultat moyen est 36 sur 45
Statistiques - réponses
Réponse % Correct
France
100%
Etats-Unis
99%
Espagne
98%
Royaume-Uni
98%
Italie
96%
Russie
95%
Australie
93%
Brésil
93%
Chine
93%
Suisse
93%
Canada
92%
Japon
91%
Argentine
90%
Allemagne
89%
Norvège
89%
Pologne
89%
République Tchèque
87%
Portugal
86%
Serbie
86%
Danemark
85%
Finlande
84%
Suède
84%
Ukraine
84%
Belgique
83%
Grèce
83%
Biélorussie
80%
Chili
80%
Autriche
79%
Croatie
79%
Pays-Bas
76%
Slovaquie
76%
Bulgarie
74%
Hongrie
73%
Lettonie
69%
Inde
68%
Tunisie
68%
Corée du Sud
67%
Nouvelle-Zélande
67%
Roumanie
67%
Colombie
66%
Kazakhstan
66%
Estonie
65%
Afrique du Sud
59%
Egypte
47%
Moldavie
43%
Aucun quiz correspondant
Distribution des résultats
% des personnes avec chaque résultat
Percentile par nombre de réponses
Votre historique - résultats
Vous n’avez pas pris ce quiz